| 000 | 00509nas a22001577a 4500 | ||
|---|---|---|---|
| 008 | 130306t19979999ag ||||| |||| 00| 0 spa d | ||
| 022 | _a0326-0852 | ||
| 245 |
_aMedicine: _bPrograma de Formacion Continuada en Medicina Asistencial |
||
| 260 |
_aBuenos Aires: _bAP Americana de Publicaciones, _c1997 |
||
| 300 | _av. : | ||
| 310 | _amensual | ||
| 546 | _aespaƱol | ||
| 590 | _aexistencias: 1997 (1-7); 1998 (18,21); 1999(27,29); 2000(43,47,50); 2001(9) | ||
| 650 |
_aEDUCACION MEDICA _91935 |
||
| 942 |
_2ddc _cCR |
||
| 999 |
_c1213 _d1213 |
||